|
|
|
|
| LEADER |
00000nam a2200000 a 4500 |
| 001 |
UCZ5581 |
| 003 |
CL-VaPUC |
| 005 |
20220324131910.0 |
| 008 |
951124e19730000SP |||||||||||||||||spa|d |
| 999 |
|
|
|c 241874
|d 241872
|
| 040 |
|
|
|c Pontificia Universidad Católica de Valparaíso
|
| 082 |
0 |
4 |
|a 184
|b GRU
|2 21
|
| 100 |
0 |
|
|a Grube, G. M. A
|e author
|9 349669
|
| 245 |
1 |
3 |
|a El pensamiento de Platón
|
| 260 |
|
|
|a Madrid
|b Gredos
|c 1973
|
| 300 |
|
|
|a 493 p
|
| 583 |
|
|
|a last modification
|c 19951124 00:00:00
|k Rodrigo Vera
|
| 600 |
0 |
7 |
|a PLATON
|2 CL-VaPUC
|9 222
|
| 650 |
|
0 |
|a Filosofía platónica
|9 269135
|
| 650 |
|
0 |
|a Platonismo
|9 265673
|
| 942 |
|
|
|c BK
|2 ddc
|
| 945 |
|
|
|d 19951124 00:00:00
|a aalvarez
|
| 952 |
|
|
|0 0
|1 0
|4 0
|6 184_000000000000000_GRU_1973
|7 0
|8 A
|9 254457
|a BIBTEO
|b BIBTEO
|d 2019-11-19
|i 2021668
|l 1
|o 184 GRU 1973
|p 2021668
|r 2025-01-17
|s 2022-12-13
|w 2019-11-19
|y BK
|k ICR
|